Yalkut le-ḥeker toldot ha-moshavah; (Record no. 34038)
[ view plain ]
| 000 -LEADER | |
|---|---|
| fixed length control field | 01343cam a22003011 4500 |
| 001 - CONTROL NUMBER | |
| control field | he 68003985 |
| 003 - CONTROL NUMBER IDENTIFIER | |
| control field | DLC |
| 005 - DATE AND TIME OF LATEST TRANSACTION | |
| control field | 20260227111507.0 |
| 008 - FIXED-LENGTH DATA ELEMENTS--GENERAL INFORMATION | |
| fixed length control field | 880517s1965 is 000 0 heb |
| 010 ## - LIBRARY OF CONGRESS CONTROL NUMBER | |
| LC control number | he 68003985 |
| 035 ## - SYSTEM CONTROL NUMBER | |
| System control number | (OCoLC)17963223 |
| 040 ## - CATALOGING SOURCE | |
| Original cataloging agency | DLC |
| Transcribing agency | TxU |
| Modifying agency | TxU |
| -- | DLC |
| 042 ## - AUTHENTICATION CODE | |
| Authentication code | premarc |
| 050 00 - LIBRARY OF CONGRESS CALL NUMBER | |
| Classification number | DS110.R327 |
| Item number | Y3 |
| 245 00 - TITLE STATEMENT | |
| Title | Yalkut le-ḥeker toldot ha-moshavah; |
| Remainder of title | la-talmid, la-noʻar, la-ʻolah vela-toshav. Mukdash le-ḥanukat mishkan ha-Arkhiyon veha-muzeʼon ha-yishuvi vele-ʻasor ha-rishon le-yisud "ha-Ḥug." |
| 260 ## - PUBLICATION, DISTRIBUTION, ETC. | |
| Place of publication, distribution, etc. | [Ramat-ha-Sharon] |
| Date of publication, distribution, etc. | 1965. |
| 300 ## - PHYSICAL DESCRIPTION | |
| Extent | 95 l. |
| Dimensions | 32 cm. |
| 500 ## - GENERAL NOTE | |
| General note | Cover title: Yalkut Ramat-ha-Sharon; hashlamah le-sefer ha-moshavah. |
| 500 ## - GENERAL NOTE | |
| General note | At head of title: ha-Moʻatsah ha-mekomit Ramat ha-Sharon, ha-Ḥug le-yediʻat ha-moshavah be-Ramat ha-Sharon, Arkhiyon u-muzeʼon yishuvi. |
| 500 ## - GENERAL NOTE | |
| General note | "Le-hashlim et yediʻat ha-moshavah ... me-az hofaʻat sefer ha-moshavah ve-'Mikraʼot'." |
| 500 ## - GENERAL NOTE | |
| General note | Supplement to Kressel, Getzel. Sefer Ramat-ha-Sharon, 682-722. |
| 651 #0 - SUBJECT ADDED ENTRY--GEOGRAPHIC NAME | |
| Geographic name | Ramat ha-Sharon (Israel) |
| 700 1# - ADDED ENTRY--PERSONAL NAME | |
| Personal name | Picker, Josef, |
| Dates associated with a name | 1897-1968. |
| 700 1# - ADDED ENTRY--PERSONAL NAME | |
| Personal name | Kressel, Getzel, |
| Dates associated with a name | 1911-1986. |
| Title of a work | Sefer Ramat ha-Sharon. |
| 710 2# - ADDED ENTRY--CORPORATE NAME | |
| Corporate name or jurisdiction name as entry element | ha-Ḥug li-yediʻat ha-moshavah be-Ramat-ha-Sharon. |
| 710 2# - ADDED ENTRY--CORPORATE NAME | |
| Corporate name or jurisdiction name as entry element | Arkhiyon u-muzeʼon yishuvi. |
| 740 0# - ADDED ENTRY--UNCONTROLLED RELATED/ANALYTICAL TITLE | |
| Uncontrolled related/analytical title | Yalkut Ramat-ha-Sharon. |
No items available.